[Event "GRE-chT 46th"]
[Site "Rio Achaia"]
[Date "2018.07.11"]
[Round "3.10"]
[White "Sourgkounis, Angelos"]
[Black "Papadopoulos, Panayotis"]
[Result "0-1"]
[WhiteElo "1976"]
[BlackElo "2189"]
[PlyCount "124"]
[EventDate "2018.07.10"]
[EventType "team"]
[EventRounds "7"]
[EventCountry "GRE"]
[SourceTitle "CBM 185 Extra"]
[Source "ChessBase"]
[SourceDate "2018.07.29"]
[SourceVersion "1"]
[SourceVersionDate "2018.07.29"]
[SourceQuality "1"]
[WhiteTeam "Evoiki EV"]
[BlackTeam "My Mountains"]
[WhiteTeamCountry "GRE"]
[BlackTeamCountry "GRE"]

1. Nf3 Nf6 2. c4 d6 3. Nc3 e5 4. d3 Be7 5. g3 0-0 6. Bg2 Nbd7 7. 0-0 c6 8. a3 Re8 9. b4 d5 10. e4 dxc4 11. dxc4 Qc7 12. Qe2 a5 13. Rb1 axb4 14. axb4 Nf8 15. Rd1 Bg4 16. Be3 Ne6 17. Qb2 Bxf3 18. Bxf3 Red8 19. c5 h5 20. Ra1 Rxa1 21. Qxa1 Ng4 22. Qc1 Nxe3 23. Qxe3 Bg5 24. Qe1 g6 25. Bg2 Nd4 26. Ne2 Nc2 27. Rxd8+ Qxd8 28. Qc3 Qd1+ 29. Bf1 Ne1 30. h4 Bd2 31. Qc4 Nf3+ 32. Kg2 Nh2 33. Ng1 Nxf1 34. b5 Nxg3 35. fxg3 Qc1 36. Qxc1 Bxc1 37. bxc6 bxc6 38. Nf3 f6 39. Ne1 Kf7 40. Nd3 Bd2 41. Kf3 Ke6 42. Ke2 Bc3 43. Nc1 Kd7 44. Kf3 Kc7 45. Nd3 Kb7 46. g4 Ka6 47. gxh5 gxh5 48. Ke2 Bd4 49. Kf3 Kb5 50. Nc1 Bc3 51. Kf2 Bd4+ 52. Kf3 Bxc5 53. Ne2 Bb4 54. Kf2 c5 55. Ng3 c4 56. Ke2 Ka4 57. Nxh5 c3 58. Kd3 Kb3 59. Ng3 c2 60. Ne2 Bf8 61. Ke3 Bh6+ 62. Kf3 Kc4 0-1

[Event "Heraklion op 23rd"]
[Site "Heraklion"]
[Date "2018.04.11"]
[Round "4"]
[White "Sourgkounis, Angelos"]
[Black "Strebkovs, Andrejs"]
[Result "0-1"]
[WhiteElo "1996"]
[BlackElo "2285"]
[PlyCount "100"]
[EventDate "2018.04.09"]
[EventType "swiss"]
[EventRounds "9"]
[EventCountry "GRE"]
[SourceTitle "CBM 184 Extra"]
[Source "ChessBase"]
[SourceDate "2018.06.28"]
[SourceVersion "1"]
[SourceVersionDate "2018.06.28"]
[SourceQuality "1"]

1. Nf3 g6 2. c4 Bg7 3. Nc3 d6 4. g3 e5 5. Bg2 Nd7 6. d4 Nh6 7. h4 f6 8. dxe5 dxe5 9. b4 Nf7 10. Rb1 0-0 11. Qb3 Re8 12. h5 Nf8 13. Ba3 e4 14. hxg6 hxg6 15. Nh2 e3 16. 0-0 exf2+ 17. Rxf2 f5 18. Nf3 Re3 19. Bb2 Qd6 20. Qc2 f4 21. Rd1 Qxb4 22. Nd4 c6 23. Rxf4 Rxg3 24. Ne4 Rg4 25. Nf6+ Bxf6 26. Rxf6 Ne5 27. Rdf1 Bd7 28. Nf3 Nxc4 29. Bd4 b5 30. Qd3 Qe7 31. Nh2 Rg5 32. Nf3 Rf5 33. Rxf5 Bxf5 34. Qc3 Ne6 35. Bf6 Qc5+ 36. Rf2 Qe3 37. Qa1 Rf8 38. Bh8 Rf7 39. Kf1 Qh6 40. Bc3 Ne3+ 41. Kg1 Ng4 42. Bd2 Qf8 43. Ne5 Nxf2 44. Nxf7 Ng4 45. Ng5 Qc5+ 46. Kh1 Nf2+ 47. Kh2 Qd6+ 48. Kg1 Qxd2 49. Nxe6 Nh3+ 50. Kh2 Bxe6 0-1

[Event "Anogia op 5th"]
[Site "Anogia"]
[Date "2016.07.14"]
[Round "4"]
[White "Townsend, M Paul"]
[Black "Sourgkounis, Angelos"]
[Result "1-0"]
[WhiteElo "2260"]
[BlackElo "1926"]
[PlyCount "35"]
[EventDate "2016.07.12"]
[EventType "swiss"]
[EventRounds "9"]
[EventCountry "GRE"]
[SourceTitle "CBM 173 Extra"]
[Source "ChessBase"]
[SourceDate "2016.08.29"]
[SourceVersion "1"]
[SourceVersionDate "2016.08.29"]
[SourceQuality "1"]

1. d4 Nf6 2. c4 g6 3. Nc3 Bg7 4. e4 d6 5. f3 0-0 6. Be3 Nfd7 7. Qd2 c5 8. d5 Qa5 9. Rc1 a6 10. Bh6 Ne5 11. Bxg7 Kxg7 12. f4 Ned7 13. Nf3 b5 14. b3 bxc4 15. bxc4 Nb6 16. Bd3 Qb4 17. Rb1 Nxc4 18. Qc1 1-0

[Event "Heraklion op 17th"]
[Site "Heraklion"]
[Date "2016.05.09"]
[Round "9"]
[White "Sourgkounis, Angelos"]
[Black "Lirindzakis, Timotheos"]
[Result "0-1"]
[WhiteElo "1904"]
[BlackElo "2221"]
[PlyCount "98"]
[EventDate "2016.05.02"]
[EventType "swiss"]
[EventRounds "9"]
[EventCountry "GRE"]
[SourceTitle "CBM 172 Extra"]
[Source "ChessBase"]
[SourceDate "2016.06.21"]
[SourceVersion "1"]
[SourceVersionDate "2016.06.21"]
[SourceQuality "1"]

1. c4 c5 2. Nc3 Nf6 3. g3 e6 4. Bg2 d5 5. cxd5 exd5 6. d3 d4 7. Nb1 Nc6 8. Nf3 Be7 9. 0-0 0-0 10. Na3 Be6 11. e4 dxe3 12. fxe3 Qd7 13. Nc2 Rad8 14. Nfe1 Bg4 15. Qd2 Nd5 16. Qf2 b6 17. a3 Na5 18. Rb1 Nb3 19. e4 Nc7 20. Bf4 Nb5 21. Ne3 Be6 22. Nf3 f6 23. g4 Bd6 24. Bxd6 Qxd6 25. Rbd1 N3d4 26. Nd2 Qd7 27. h3 Nd6 28. Nf5 Nf7 29. Nf3 Nxf3+ 30. Bxf3 g6 31. Ne3 Ne5 32. Be2 Kg7 33. Qg3 Qd4 34. Kh1 Qxb2 35. Rf2 Qd4 36. Nf5+ Bxf5 37. gxf5 g5 38. Rg2 Kh8 39. h4 Rg8 40. h5 h6 41. Qe1 Kh7 42. Rg3 g4 43. Kg2 Rg5 44. Qh1 Rdg8 45. Rb1 Qd7 46. Rf1 Qf7 47. Rf4 Rxh5 48. Qd1 Qd7 49. Bxg4 Rhg5 0-1

[Event "Heraklion op 17th"]
[Site "Heraklion"]
[Date "2016.05.03"]
[Round "2"]
[White "Antic, Dejan"]
[Black "Sourgkounis, Angelos"]
[Result "1-0"]
[WhiteElo "2444"]
[BlackElo "1904"]
[PlyCount "75"]
[EventDate "2016.05.02"]
[EventType "swiss"]
[EventRounds "9"]
[EventCountry "GRE"]
[SourceTitle "CBM 172 Extra"]
[Source "ChessBase"]
[SourceDate "2016.06.21"]
[SourceVersion "1"]
[SourceVersionDate "2016.06.21"]
[SourceQuality "1"]

1. Nf3 d6 2. d4 Nf6 3. c4 g6 4. Nc3 Bg7 5. e4 0-0 6. Be2 e5 7. 0-0 c6 8. Qc2 Qe7 9. Rd1 Bg4 10. Be3 Na6 11. d5 Bxf3 12. Bxf3 cxd5 13. cxd5 Rfc8 14. Rdc1 Qd7 15. Qd1 Nc7 16. a4 Nfe8 17. Qb3 b6 18. Nb5 f5 19. Rc6 Na6 20. Qc4 Nc5 21. b4 a6 22. bxc5 axb5 23. Qf1 bxc5 24. axb5 Qb7 25. Raa6 Rcb8 26. g3 Bf8 27. Be2 Nc7 28. Rxa8 Nxa8 29. Qb1 fxe4 30. Qxe4 Qf7 31. Bg4 Qf6 32. Qa4 Qe7 33. Qa5 Kh8 34. Rc8 Qb7 35. Qa6 Qxa6 36. bxa6 Rxc8 37. Bxc8 Nc7 38. a7 1-0

[Event "Kavala op 24th"]
[Site "Kavala"]
[Date "2015.08.04"]
[Round "1"]
[White "Sourgkounis, Angelos"]
[Black "Pancevski, Filip"]
[Result "0-1"]
[WhiteElo "1973"]
[BlackElo "2506"]
[PlyCount "57"]
[EventDate "2015.08.04"]
[EventType "swiss"]
[EventRounds "9"]
[EventCountry "GRE"]
[SourceTitle "CBM 167 Extra"]
[Source "ChessBase"]
[SourceDate "2015.09.14"]
[SourceVersion "1"]
[SourceVersionDate "2015.09.14"]
[SourceQuality "1"]

1. c4 e5 2. Nc3 Nc6 3. g3 h5 4. h4 Bc5 5. d3 d6 6. Bg2 Nge7 7. Nf3 Bg4 8. Ng5 a6 9. a3 Ba7 10. Qa4 f6 11. Nf3 Qd7 12. Nd5 b5 13. Qc2 Nxd5 14. cxd5 Ne7 15. Nd2 Rc8 16. Qb3 c6 17. dxc6 Nxc6 18. e3 Ne7 19. 0-0 Be6 20. Qd1 d5 21. b4 Bg4 22. Qb3 Bh3 23. Bb2 g5 24. hxg5 h4 25. gxf6 hxg3 26. Bxe5 Bxg2 27. f7+ Kf8 28. Bxh8 Qh3 29. Bg7+ 0-1

[Event "Heraklion op"]
[Site "Heraklion"]
[Date "2014.09.03"]
[Round "3"]
[White "Sourgkounis, Angelos"]
[Black "Pogan, Nikolas"]
[Result "0-1"]
[WhiteElo "1900"]
[BlackElo "2313"]
[PlyCount "162"]
[EventDate "2014.09.02"]
[EventType "swiss"]
[EventRounds "6"]
[EventCountry "GRE"]
[SourceTitle "EXT 2015"]
[Source "ChessBase"]
[SourceDate "2014.11.20"]
[SourceVersion "1"]
[SourceVersionDate "2014.11.20"]
[SourceQuality "1"]

1. d4 Nf6 2. Nf3 g6 3. b3 Bg7 4. Bb2 0-0 5. e3 d6 6. Bd3 Nc6 7. a3 e5 8. Nbd2 Re8 9. dxe5 Ng4 10. 0-0 Ngxe5 11. Nxe5 Nxe5 12. Be2 Nf3+ 13. Bxf3 Bxb2 14. Ra2 Bg7 15. Nc4 Rb8 16. Qd2 Qg5 17. a4 h5 18. a5 Bg4 19. Bxg4 hxg4 20. Rd1 d5 21. Nb2 c6 22. Nd3 Bf6 23. Ra4 Kg7 24. Qb4 Re4 25. Qd6 Rh8 26. Qc7 Bd8 27. Qd6 Be7 28. Qc7 Bd8 29. Qxb7 g3 30. Nf4 gxf2+ 31. Kxf2 Qh4+ 32. Kf3 Rhe8 33. Rxe4 dxe4+ 34. Ke2 Qg4+ 35. Ke1 Bh4+ 36. g3 Bxg3+ 37. hxg3 Qxg3+ 38. Kd2 Qf2+ 39. Kc1 Qxe3+ 40. Kb1 Qxf4 41. Qxa7 e3 42. a6 Qf2 43. Rd7 Qe1+ 44. Kb2 Qf2 45. Rd6 Qf4 46. Rd1 Qe5+ 47. Kb1 e2 48. Re1 Qa5 49. Qd4+ Kg8 50. Qh4 Qxa6 51. Rh1 e1Q+ 52. Rxe1 Rxe1+ 53. Qxe1 Qb5 54. Kb2 Kg7 55. Qe8 g5 56. c4 Qc5 57. Kc3 Kf6 58. Qd8+ Qe7 59. Qh8+ Kf5 60. Qh7+ Kg4 61. Qh1 Qe3+ 62. Kb4 c5+ 63. Ka4 f5 64. b4 cxb4 65. Kxb4 Qb6+ 66. Kc3 f4 67. Qg2+ Kh5 68. Qh1+ Kg6 69. Qe4+ Kf6 70. Qf3 Qc5 71. Qh5 Kf5 72. Qh3+ Ke4 73. Qh7+ Ke3 74. Qd3+ Kf2 75. Qd2+ Kg3 76. Qe1+ Kg4 77. Qe6+ Qf5 78. Qd6 f3 79. c5 f2 80. Qd4+ Qf4 81. Qd7+ Kg3 0-1

[Event "Nikaia op 21st"]
[Site "Nikaia"]
[Date "2013.08.31"]
[Round "6"]
[White "Sourgkounis, Angelos"]
[Black "Sienczewski, Zbigniew"]
[Result "0-1"]
[WhiteElo "1933"]
[BlackElo "2052"]
[PlyCount "96"]
[EventDate "2013.08.26"]
[EventType "swiss"]
[EventRounds "9"]
[EventCountry "GRE"]
[SourceTitle "CBM 156 Extra"]
[Source "ChessBase"]
[SourceDate "2013.10.22"]
[SourceVersion "1"]
[SourceVersionDate "2013.10.22"]
[SourceQuality "1"]

1. c4 c5 2. Nc3 g6 3. g3 Bg7 4. Bg2 Nc6 5. e3 Nf6 6. Nge2 0-0 7. 0-0 b6 8. d4 cxd4 9. exd4 Bb7 10. b3 d6 11. Bb2 Rc8 12. d5 Ne5 13. Nb5 a6 14. Nbd4 b5 15. cxb5 Bxd5 16. Nf4 Bxg2 17. Kxg2 axb5 18. Nxb5 Qb6 19. Nd4 Qb7+ 20. Kg1 Rc5 21. Ng2 Rd5 22. f4 Nc6 23. Ne3 Rxd4 24. Bxd4 Nxd4 25. Qxd4 Ng4 26. Qd3 Qa7 27. Rae1 Bd4 28. Rf3 Rc8 29. Kg2 Rc3 30. Nxg4 Rxd3 31. Rxd3 h5 32. Ne3 Qxa2+ 33. Kh3 Qf2 34. Rf1 Qe2 35. Rxd4 Qxe3 36. Rb4 Qe2 37. Rb8+ Kg7 38. Rc1 Qg4+ 39. Kg2 h4 40. Rb4 Qe6 41. Rbc4 h3+ 42. Kf2 d5 43. Rb4 Qa6 44. Rc7 Qa2+ 45. Kf3 Qxh2 46. Rxe7 Qh1+ 47. Kg4 h2 48. Kg5 Qd1 0-1

[Event "Kavala op 22nd"]
[Site "Kavala"]
[Date "2013.08.12"]
[Round "8"]
[White "Yurtseven, Melih"]
[Black "Sourgkounis, Angelos"]
[Result "1-0"]
[WhiteElo "2244"]
[BlackElo "1894"]
[PlyCount "83"]
[EventDate "2013.08.06"]
[EventType "swiss"]
[EventRounds "9"]
[EventCountry "GRE"]
[SourceTitle "CBM 155 Extra"]
[Source "ChessBase"]
[SourceDate "2013.08.26"]
[SourceVersion "1"]
[SourceVersionDate "2013.08.26"]
[SourceQuality "1"]

1. e4 Nf6 2. e5 Nd5 3. Nc3 Nxc3 4. dxc3 Nc6 5. Nf3 d6 6. Bc4 e6 7. Qe2 Be7 8. Bd2 a6 9. 0-0-0 0-0 10. Bf4 d5 11. Bd3 f6 12. h4 fxe5 13. Bxe5 Nxe5 14. Nxe5 Qe8 15. Qg4 Bd6 16. f4 Qa4 17. b4 Qa3+ 18. Kd2 Bxb4 19. cxb4 Qxb4+ 20. Ke3 h5 21. Qg5 c5 22. g3 c4 23. Bg6 Qc3+ 24. Kf2 Rf6 25. Qxh5 Rxg6 26. Qxg6 d4 27. Rhe1 b5 28. Qe4 Rb8 29. Qxd4 Qxc2+ 30. Rd2 Qf5 31. g4 Qf8 32. Kg3 a5 33. h5 Bb7 34. Nd7 Qa3+ 35. Re3 Qc1 36. Nxb8 Qg1+ 37. Kh4 Qh1+ 38. Kg5 Qd5+ 39. Qxd5 Bxd5 40. Rxd5 exd5 41. Kg6 Kf8 42. h6 1-0

[Event "GRE-chT 40th"]
[Site "Achaia"]
[Date "2012.07.02"]
[Round "4.15"]
[White "Sourgkounis, Angelos"]
[Black "Lezgidis, Fotios"]
[Result "1-0"]
[WhiteElo "1898"]
[BlackElo "1647"]
[PlyCount "65"]
[EventDate "2012.06.30"]
[EventType "team-swiss"]
[EventRounds "7"]
[EventCountry "GRE"]
[SourceTitle "CBM 149 Extra"]
[Source "ChessBase"]
[SourceDate "2012.08.24"]
[SourceVersion "1"]
[SourceVersionDate "2012.08.24"]
[SourceQuality "1"]
[WhiteTeam "Panathlitikos Sykeon"]
[BlackTeam "Ptolemaida Ptolemaios"]
[WhiteTeamCountry "GRE"]
[BlackTeamCountry "GRE"]

1. e4 c5 2. Nf3 e6 3. d4 cxd4 4. Nxd4 a6 5. Be3 Nf6 6. Bd3 Qc7 7. 0-0 Be7 8. f3 d5 9. Nc3 dxe4 10. fxe4 Nbd7 11. Be2 b5 12. a3 Bb7 13. Bf3 Nc5 14. Qe2 0-0 15. Bf2 Bd6 16. h3 Be5 17. Rad1 Rfd8 18. Kh1 Rd7 19. b4 Na4 20. Nxa4 bxa4 21. Rd3 Rad8 22. Rfd1 Qc4 23. c3 Ne8 24. Qc2 Bc6 25. Nxc6 Qxc6 26. c4 Nd6 27. c5 Kf8 28. Qd2 Nc4 29. Rxd7 Nxd2 30. Rxd8+ Ke7 31. R1xd2 Bf4 32. R2d7+ Kf6 33. e5+ 1-0

[Event "GRE-chT 40th"]
[Site "Achaia"]
[Date "2012.07.01"]
[Round "3.14"]
[White "Papadakis, Georgios"]
[Black "Sourgkounis, Angelos"]
[Result "0-1"]
[WhiteElo "1563"]
[BlackElo "1898"]
[PlyCount "96"]
[EventDate "2012.06.30"]
[EventType "team-swiss"]
[EventRounds "7"]
[EventCountry "GRE"]
[SourceTitle "CBM 149 Extra"]
[Source "ChessBase"]
[SourceDate "2012.08.24"]
[SourceVersion "1"]
[SourceVersionDate "2012.08.24"]
[SourceQuality "1"]
[WhiteTeam "OFI"]
[BlackTeam "Panathlitikos Sykeon"]
[WhiteTeamCountry "GRE"]
[BlackTeamCountry "GRE"]

1. d4 d5 2. c4 Nc6 3. Nf3 Bg4 4. e3 e6 5. Nc3 Nf6 6. b3 Bb4 7. Bb2 Ne4 8. Rc1 0-0 9. a3 Bxc3+ 10. Bxc3 a5 11. Be2 Qe7 12. Bb2 Bxf3 13. Bxf3 f5 14. 0-0 Nd8 15. cxd5 exd5 16. Rc2 c6 17. Qc1 Ne6 18. g3 Rf6 19. Bg2 Qf7 20. f4 h5 21. Bxe4 fxe4 22. a4 g5 23. Rff2 g4 24. Ba3 Qd7 25. Qd2 Ng7 26. Bc5 Qc7 27. Qe1 Nf5 28. Rc1 Kf7 29. Rfc2 Rh8 30. Rg2 Rfh6 31. Kf2 Qd8 32. Qe2 Rg6 33. Ba3 h4 34. Bc5 hxg3+ 35. hxg3 Rh3 36. Rb1 Qh8 37. Rbg1 Rh2 38. Bb6 Nxg3 39. Qe1 Qh4 40. Rxh2 Qxh2+ 41. Rg2 Nh1+ 42. Kf1 Qh3 43. Bxa5 Qf3+ 44. Kg1 Rh6 45. Qe2 g3 46. Be1 Nf2 47. Kf1 Rh1+ 48. Rg1 g2# 0-1

[Event "GRE-ch U18"]
[Site "Nikaia"]
[Date "2012.01.08"]
[Round "8"]
[White "Sourgkounis, Angelos"]
[Black "Papadopoulos, Panayotis"]
[Result "0-1"]
[WhiteElo "1882"]
[BlackElo "2011"]
[PlyCount "96"]
[EventDate "2012.01.03"]
[EventType "swiss"]
[EventRounds "9"]
[EventCountry "GRE"]
[SourceTitle "CBM 146 Extra"]
[Source "ChessBase"]
[SourceDate "2012.02.29"]
[SourceVersion "1"]
[SourceVersionDate "2012.02.29"]
[SourceQuality "1"]

1. d4 Nf6 2. Nf3 c5 3. e3 b6 4. b3 Bb7 5. Bd3 e6 6. 0-0 Be7 7. Bb2 d6 8. Qe2 Nbd7 9. Nbd2 Qc7 10. a3 0-0 11. e4 cxd4 12. Nxd4 Rfe8 13. b4 Bf8 14. Rac1 Rac8 15. c4 Qb8 16. N4f3 e5 17. Ne1 Qa8 18. g4 Kh8 19. g5 Ng8 20. Qg4 Rc7 21. Ng2 Qd8 22. Ne3 Bc8 23. Qg3 f6 24. Nd5 fxg5 25. Nxc7 Qxc7 26. Be2 h6 27. Bh5 Re6 28. Bg4 Rf6 29. c5 dxc5 30. Nc4 Rf4 31. Bxd7 Qxd7 32. Nxe5 Qe8 33. Qd3 Nf6 34. f3 Be7 35. b5 Bh3 36. Rfe1 g4 37. Qd2 Rxf3 38. Nxf3 gxf3 39. Qf4 Qh5 40. Rc2 Bg4 41. Rd2 Qg6 42. Kh1 Nh5 43. Qe5 Bh4 44. Rf1 Kh7 45. Rd6 Qf7 46. Qd5 Qf4 47. Bc1 f2 48. Rxh6+ gxh6 0-1

[Event "GRE-ch U18"]
[Site "Nikaia"]
[Date "2012.01.04"]
[Round "2"]
[White "Sourgkounis, Angelos"]
[Black "Liodakis, Konstantinos Spyros"]
[Result "1-0"]
[WhiteElo "1882"]
[BlackElo "2077"]
[PlyCount "63"]
[EventDate "2012.01.03"]
[EventType "swiss"]
[EventRounds "9"]
[EventCountry "GRE"]
[SourceTitle "CBM 146 Extra"]
[Source "ChessBase"]
[SourceDate "2012.02.29"]
[SourceVersion "1"]
[SourceVersionDate "2012.02.29"]
[SourceQuality "1"]

1. d4 d5 2. Nf3 e6 3. b3 c6 4. e3 Bd6 5. Bb2 f5 6. Bd3 Nf6 7. 0-0 0-0 8. Ne5 Nbd7 9. Qe2 Bxe5 10. dxe5 Ne4 11. f3 Nec5 12. Nd2 a5 13. a4 b6 14. Rfd1 Nxd3 15. Qxd3 Ba6 16. c4 f4 17. e4 Qg5 18. exd5 exd5 19. Qd4 Rae8 20. Re1 Bb7 21. cxd5 cxd5 22. Ba3 Rf5 23. e6 Qf6 24. Qxf6 Nxf6 25. Rac1 d4 26. Nc4 Bd5 27. Nd6 Rg5 28. h4 Rg3 29. Nxe8 Ng4 30. Nf6+ gxf6 31. Rc8+ Kg7 32. fxg4 1-0

[Event "GRE-ch U18"]
[Site "Nikaia"]
[Date "2012.01.03"]
[Round "1"]
[White "Stavropoulos, Konstantinos"]
[Black "Sourgkounis, Angelos"]
[Result "0-1"]
[WhiteElo "1400"]
[BlackElo "1882"]
[PlyCount "58"]
[EventDate "2012.01.03"]
[EventType "swiss"]
[EventRounds "9"]
[EventCountry "GRE"]
[SourceTitle "CBM 146 Extra"]
[Source "ChessBase"]
[SourceDate "2012.02.29"]
[SourceVersion "1"]
[SourceVersionDate "2012.02.29"]
[SourceQuality "1"]

1. e4 c6 2. d4 d5 3. exd5 cxd5 4. Nf3 Nf6 5. Bf4 Nc6 6. Nc3 a6 7. Be2 e6 8. a3 Bd6 9. Ne5 Qc7 10. Nxc6 Bxf4 11. Nb4 0-0 12. g3 Bd6 13. Nba2 b5 14. Bf3 Rb8 15. b4 e5 16. 0-0 e4 17. Bg2 Re8 18. Re1 h5 19. Bf1 h4 20. Kg2 hxg3 21. hxg3 Qd7 22. Qd2 Qf5 23. Kg1 Ng4 24. Nd1 Qh5 25. f4 Re6 26. Ne3 Rh6 27. Nxg4 Qh1+ 28. Kf2 Qf3+ 29. Kg1 Rh1# 0-1

[Event "GRE-ch U16"]
[Site "Eretria"]
[Date "2011.06.28"]
[Round "5.8"]
[White "Tsakiris, Haralambos"]
[Black "Sourgkounis, Angelos"]
[Result "1/2-1/2"]
[WhiteElo "1976"]
[BlackElo "1863"]
[PlyCount "46"]
[EventDate "2011.06.25"]
[EventType "swiss"]
[EventRounds "9"]
[EventCountry "GRE"]
[SourceTitle "EXT 2024"]
[Source "ChessBase"]
[SourceDate "2023.10.10"]
[SourceVersion "1"]
[SourceVersionDate "2023.10.10"]
[SourceQuality "1"]

1. d4 Nf6 2. c4 e6 3. Nc3 d5 4. Bg5 Be7 5. e3 c6 6. cxd5 Nxd5 7. Bxe7 Nxe7 8. Nf3 b6 9. Bd3 a5 10. 0-0 Na6 11. Ne5 0-0 12. Ne4 f5 13. Ng5 h6 14. Nh3 Nb4 15. Bc4 Qe8 16. Nf4 Nbd5 17. Bxd5 exd5 18. Qb3 g5 19. Nfd3 Rb8 20. Rac1 Rf6 21. f3 Ba6 22. e4 Kg7 23. Rce1 Qc8 1/2-1/2